00642 2200181 4500001002100000005001500021035002000036008004100056020002200097082001700119084002500136100002900161245015100190260004600341300002800387650002500415650002000440INLIS00000000001140620260416085451 a0010-1024000010260416 0 ind  a978-979-15712-0-3 a959.85984762 aR 959.85984762 AND s0 aAndi Palloge Petta Nabba1 aSejarah Kerajaan Tanah Bone : Masa Raja Pertama dan Raja-raja Kemudiannya sebelum Masuknya Agama Islam sampai Terakhir /cAndi Palloge Petta Nabba aSungguminasa :bYayasan Al Muallim,c2006 axxii +359 hlm. ;c21 cm 4aKoleksi Muatan Lokal 4aBone -- Sejarah